Wong's Essentials of Pediatric Nursing/ (Record no. 1531)

MARC details
000 -LEADER
Fixed length control field 00801nam a2200253Ia 4500
003 - CONTROL NUMBER IDENTIFIER
Control field IIN
005 - DATE AND TIME OF LATEST TRANSACTION
Control field 20250604114925.0
008 - FIXED-LENGTH DATA ELEMENTS--GENERAL INFORMATION
Fixed length control field 231217s2022 xx acd 001 0 eng d
020 ## - INTERNATIONAL STANDARD BOOK NUMBER / ISBN
Price Rs.2395.00
International Standard Book Number 9788131264454
040 ## - CATALOGING SOURCE
Original cataloging agency IIN
Language of cataloging English
082 ## - DEWEY DECIMAL CLASSIFICATION NUMBER
Classification number 610.7362
Book Number HOC
100 1# - MAIN ENTRY--PERSONAL NAME
Personal name Hockenberry, Marilyn J.
245 1# - TITLE STATEMENT
Title Wong's Essentials of Pediatric Nursing/
Statement of responsibility Marilyn J. Hockenberry, Cheryl C. Rodgers & David Wilson; edited by Jyoti Sarin & Bhargavi C. N.
250 ## - EDITION STATEMENT
Edition statement 3rd ed
Remainder of edition statement South Asian Edition
260 ## - IMPRINT
Place of publication New Delhi
Name of publisher Elsevier
Date of publication 2022
300 ## - PHYSICAL DESCRIPTION
Page / Vol. No xxi, 983p.
Other physical details col. ill.
500 ## - GENERAL NOTE
General note Includes Index
650 1# - SUBJECT ADDED ENTRY--TOPICAL TERM
Topical term Pediatric
Form subdivision Nursing
700 1# - ADDED ENTRY--PERSONAL NAME
Personal name Rodgers, Cheryl C.
700 1# - ADDED ENTRY--PERSONAL NAME
Personal name Wilson, David
700 1# - ADDED ENTRY--PERSONAL NAME
Personal name Sarin, Jyoti (ed)
700 1# - ADDED ENTRY--PERSONAL NAME
Personal name Bhargavi, C. N. (ed)
942 ## - ADDED ENTRY ELEMENTS (KOHA)
Koha item type Books
Holdings
Withdrawn status Lost status Damaged status Not for loan Collection code Home library Current library Date acquired Price Total Checkouts Call number Accession number Date last seen Price effective from Koha item type Source of classification Shelving location
          IDEAL INSTITUTE OF NURSING IDEAL INSTITUTE OF NURSING 17/12/2023 2395.00   610.7362 HOC 1525 17/12/2023 17/12/2023 Books    
          IDEAL INSTITUTE OF NURSING IDEAL INSTITUTE OF NURSING 17/12/2023 2395.00   610.7362 HOC 1526 17/12/2023 17/12/2023 Books    
          IDEAL INSTITUTE OF NURSING IDEAL INSTITUTE OF NURSING 17/12/2023 2395.00   610.7362 HOC 1527 17/12/2023 17/12/2023 Books    
        Purches Book IDEAL INSTITUTE OF NURSING IDEAL INSTITUTE OF NURSING 11/03/2025 2795.00   610.7362 HOC 2105 04/06/2025 04/06/2025 Books Dewey Decimal Classification General Stacks
© Ideal Institute Of Nursing, All rights reserved.         Powered by Koha